000 01083nas a2200505 a 4500
001 7823
003 15899
005 20240715172007.0
008 ||||||n9999 ||| || ||
020 _a9586430006
041 _aspa
082 _219
_a370
100 _aSantander, Francisco de Paula
245 0 _aObra educativa de Santander
260 _aBogotá :
_bFundación Francisco de Paula Santander,
_c1990.
300 _a3v
490 _aColección documentos
_v65-67
562 _e1
650 _aCOLOMBIA
650 _aEDUCACIÓN
650 _aESTADO
650 _aHISTORIA DE LA EDUCACION
942 _cBKM
942 _cBKM
999 _c7823
_d7823
526 _a
526 _a17598
526 _a102617
526 _a102618
526 _a15794
526 _a102619
526 _a1703
526 _a102620
526 _a10406
526 _a105630
526 _a1698
526 _a116204
526 _a51868
526 _a4969
526 _a19790
526 _a104436
526 _a5144
526 _a1697
526 _a3899
526 _a9683